Kompromisszum Szatmáron 300 évvel ezelőtt történt

Podrobná bibliografia
Hlavný autor: Pelle, István (Autor)
Médium: Článok
Jazyk:maďarčina
ISSN:1338-1296
Predmet:

MARC

LEADER 00000nab a2200000 ar4500
001 vtls010290208
003 SK-MaSNL
005 20260318122321.0
008 110701c2011 xo |||||| ab ||00 b|hun
015 |a SNBRB2011/07  |2 snkbucl 
038 |a SNKBUCL 
040 |a DSZK  |b slo  |c DSZK  |e AACR2 
041 0 |a hun 
044 |a xo  |c SK 
080 |a 94(437.6)  |x "16/17"  |2 1997 
080 |a 94(439.22)  |x "16/17"  |2 1997 
080 |a 94(439.2)  |x "16/17"  |2 1997 
080 |a 323.26  |x (439.5)  |x "16/17"  |2 1997 
100 1 |a Pelle, István  |4 aut  |9 1513531 
245 1 0 |a Kompromisszum Szatmáron  |b 300 évvel ezelőtt történt  |c Pelle István 
600 0 7 |a František  |b II. Rákoci,  |c sedmohradské knieža,  |d 1676-1735  |2 snkbucl  |9 160695 
648 7 |a 17.-18. stor., začiatok  |2 snkbucl  |9 1491393 
650 0 7 |a uhorská šľachta  |2 snkbucl  |9 526097 
650 0 7 |a protihabsburské povstania  |2 SNKPH  |9 70378 
650 0 7 |a Satmarský mier, 1711  |2 snkbucl  |9 1274597 
650 0 7 |a Rákociho povstanie (1703-1711 : Maďarsko a Sedmihradsko)  |2 snkbucl  |9 98303 
651 7 |a Slovensko  |x dejiny  |2 snkbucl  |9 13278 
651 7 |a Uhorsko  |x dejiny  |2 snkbucl  |9 56334 
773 0 |t Pedagógusfórum  |g Évf. X, sz. 4 (2011), o. 14  |x 1338-1296 
852 |a SNK  |b KIS3GCP 
999 |c 3029424  |d 3031354